Miasta Polskie na Literę C - Statystyki

Ogólne statystyki
  • Ten quiz został rozwiązany 229 razy
    73 od ostatniego zresetowania
  • Średni wynik to 13 z 49
Statystyki odpowiedzi
Województwo Miasto % Poprawnych
Śląskie Częstochowa
81%
Mazowieckie Ciechanów
77%
Lubelskie Chełm
69%
Kujawsko-Pomorskie Ciechocinek
67%
Śląskie Chorzów
60%
Śląskie Cieszyn
60%
Pomorskie Chojnice
58%
Śląskie Czechowice-Dziedzice
44%
Śląskie Czeladź
44%
Pomorskie Człuchów
44%
Wielkopolskie Chodzież
40%
Małopolskie Chrzanów
38%
Wielkopolskie Czarnków
38%
Zachodniopomorskie Cedynia
33%
Kujawsko-Pomorskie Chełmno
33%
Dolnośląskie Chojnów
29%
Kujawsko-Pomorskie Chełmża
27%
Pomorskie Czersk
27%
Świętokrzyskie Chęciny
23%
Pomorskie Czarne
23%
Zachodniopomorskie Choszczno
21%
Śląskie Czerwionka-Leszczyny
19%
Małopolskie Chełmek
17%
Świętokrzyskie Chmielnik
17%
Mazowieckie Chorzele
17%
Zachodniopomorskie Chojna
15%
Podlaskie Ciechanowiec
15%
Wielkopolskie Czempiń
15%
Kujawsko-Pomorskie Chodecz
13%
Podlaskie Choroszcz
13%
Podkarpackie Cieszanów
13%
Zachodniopomorskie Czaplinek
13%
Podlaskie Czarna Białostocka
13%
Pomorskie Czarna Woda
13%
Dolnośląskie Chocianów
12%
Wielkopolskie Chocz
12%
Małopolskie Ciężkowice
12%
Zachodniopomorskie Chociwel
10%
Mazowieckie Ciepielów
10%
Małopolskie Czchów
10%
Mazowieckie Czerwińsk nad Wisłą
10%
Podlaskie Czyżew
10%
Mazowieckie Cegłów
8%
Małopolskie Czarny Dunajec
8%
Lubelskie Czemierniki
8%
Zachodniopomorskie Człopa
8%
Lubuskie Cybinka
6%
Lubuskie Czerwieńsk
6%
Wielkopolskie Czerniejewo
4%
Nie znaleziono quizów pasujących do podanych kryteriów
Rozkład punktacji
Procent ludzi z każdym wynikiem
Percentyl według liczby udzielonych odpowiedzi
Twoja historia wyników
Nie rozwiązałeś tego quizu od ostatniego zresetowania